000 00902cab a2200253 4500
001 ABS39807
008 090401t1988 xxu||||| |||| 00| 0 eng d
035 _a(Sirsi) u19071
041 _aeng
100 _aBrimacombe, M.
245 _aTightening the wall cracks
260 _c1988
350 _a0
490 _aSurveyor (PWW)
_v170(5014) 29 September 1988, 18(2)
520 _aWall tie failure occurs on all types of domestic property. A report prepared by the Northern Consortium of Housing Authorities identifies the first signs of failure and warns local authorities to undertake surveys urgently. Suggests solutions and lists the types of replacement wall ties.
650 _aBLACK ASH MORTAR
650 _aBS 1234
650 _aBUILDING DEFECTS
650 _aCORROSION
650 _aCP 121
690 _aBUILT ENVIRONMENT-BUILDING PATHOLOGY
942 _n0
948 _c04/03/1997
999 _c12698
_d12698